00257nam a22000977a 4500082001600000100001300016245006100029260004900090300001200139563000800151 a297.63bAFR aAfrasiab aThe Greatest Man in History is MUHAMMAD PBUH /cAfrasiab aIslamabad:bNational Book Foundation,c2025. aVolumes aHB.